<?xml version="1.0" encoding="UTF-8"?>
<marc:record xmlns:marc="http://www.loc.gov/MARC21/slim">
   <marc:leader>00000nam a2200000 a 4500</marc:leader>
   <marc:datafield ind1="0" ind2="0" tag="245">
      <marc:subfield code="a">Bärenspiel</marc:subfield>
   </marc:datafield>
   <marc:datafield ind1="0" ind2="0" tag="245">
      <marc:subfield code="b">Ein spannendes Waldabenteuer Gemeinsam spielen - Gemeinsam gewinnen</marc:subfield>
   </marc:datafield>
   <marc:datafield ind1=" " ind2="1" tag="264">
      <marc:subfield code="b">Amigo</marc:subfield>
   </marc:datafield>
   <marc:datafield ind1="1" ind2=" " tag="520">
      <marc:subfield code="a">Für 2 - 5 Spieler
ab 4 Jahren
20 Minuten

Gemeinsam sucht ihr den kleinen Bären, der sich im Wald verlaufen hat.
Dies ist nicht so einfach, denn dichtes Gestrüpp, Wasserlöcher und die Waldtiere zwingen euch zu Umwegen.
Doch wenn ihr euch gegenseitig helft, findet ihr den kleinen Bären und könnt ihn zu seinen Eltern zurückbringen.
</marc:subfield>
   </marc:datafield>
</marc:record>
